| 000 | 00386nam a22001577a 4500 | ||
|---|---|---|---|
| 005 | 20250827114640.0 | ||
| 008 | 250827b |||||||| |||| 00| 0 eng d | ||
| 037 | _cTB | ||
| 040 |
_aAL _cAL |
||
| 041 |
_2ENG _aENG |
||
| 084 |
_aV2.N L3;M4 _qAL |
||
| 245 | _aIndia since 1526 | ||
| 260 | _c1984. | ||
| 942 |
_2CC _cTB _hV2.N L3;M4 _n0 |
||
| 999 |
_c1434907 _d1434907 |
||